Fundamentals of Quality Control and improvement (Record no. 609200)

000 -LEADER
fixed length control field 00319nam a22001217a 4500
020 ## - INTERNATIONAL STANDARD BOOK NUMBER
International Standard Book Number 9788120323773
040 ## - CATALOGING SOURCE
Transcribing agency nust
082 ## - DEWEY DECIMAL CLASSIFICATION NUMBER
Edition number 2nd Edition
Classification number 658.562
Author Mark MIT
100 ## - MAIN ENTRY--PERSONAL NAME
Personal name Mitra Amitava
245 ## - TITLE STATEMENT
Title Fundamentals of Quality Control and improvement
260 ## - PUBLICATION, DISTRIBUTION, ETC.
Place of publication, distribution, etc. new Delhi:
Name of publisher, distributor, etc. Asoke K. Ghosh,
Date of publication, distribution, etc. 2000.
942 ## - ADDED ENTRY ELEMENTS (KOHA)
Source of classification or shelving scheme
Koha item type Book
Holdings
Withdrawn status Lost status Source of classification or shelving scheme Damaged status Not for loan Permanent Location Current Location Shelving location Date acquired Full call number Barcode Date last seen Price effective from Koha item type Public note
          College of Electrical & Mechanical Engineering (CEME) College of Electrical & Mechanical Engineering (CEME) General Stacks 05/21/2024 658.562 MIT CEME- 40918 05/21/2024 05/21/2024 Book 1.6
© 2023 Central Library, National University of Sciences and Technology. All Rights Reserved.